| 000 | 00493nam a2200181Ia 4500 | ||
|---|---|---|---|
| 008 | 131103s9999 xx 000 0 und d | ||
| 040 | _aLoreto College | ||
| 041 | _aEnglish | ||
| 082 |
_a920/JHA _bLCLIB/ |
||
| 100 | _aJha, Amaranatha | ||
| 245 |
_aOn myself _b Selections from autobiographies _cAmaranatha Jha |
||
| 260 |
_aBombay _bOxford University Press _c1930 |
||
| 300 |
_a217p _c 18cm |
||
| 504 | _aIncludes notes | ||
| 650 | _aBiography | ||
| 850 | _aLCLIB/920/JHA | ||
| 942 | _cBK | ||
| 999 |
_c25207 _d75686 |
||